[Event "GER Seniors Derby 14th"]
[Site "Wesel Undeloh"]
[Date "2015.04.17"]
[Round "6"]
[White "Kuehlwein, Michael"]
[Black "Lehr, Thomas"]
[Result "0-1"]
[WhiteElo "1645"]
[BlackElo "1854"]
[PlyCount "39"]
[EventDate "2015.04.15"]
[EventType "swiss"]
[EventRounds "9"]
[EventCountry "GER"]
[SourceTitle "EXT 2018"]
[Source "ChessBase"]
[SourceDate "2017.10.13"]
[SourceVersion "1"]
[SourceVersionDate "2017.10.13"]
[SourceQuality "1"]

1. e4 Nf6 2. Nc3 e5 3. Bc4 Bc5 4. Nf3 d6 5. 0-0 Nc6 6. d3 h6 7. h3 0-0 8. Qe2 Re8 9. Be3 Nd4 10. Bxd4 exd4 11. Nb5 d5 12. Bb3 c6 13. Nbxd4 dxe4 14. dxe4 Bxd4 15. Qc4 Bxf2+ 16. Rxf2 Be6 17. Qe2 Bxb3 18. axb3 Nxe4 19. Rd1 Qb6 20. Rdf1 0-1